|
|
|
|
| LEADER |
00000naa a2200000uu 4500 |
| 001 |
vtls011036600 |
| 003 |
SK-MaSNL |
| 005 |
20260302124216.0 |
| 008 |
210907|2004 xo |||||||||||||||||slo| |
| 015 |
|
|
|a SNBRA
|
| 035 |
|
|
|a (urnnbn)urn:nbn:sk:snk:ar-008umv
|
| 035 |
|
|
|a (uuid)67385ec0-d6fd-405f-a752-95c39b3b1e74
|
| 035 |
|
|
|a urn:nbn:sk:snk-aauqce
|
| 040 |
|
|
|a SNKBUCL
|b slo
|c SNKBUCL
|e AACR2
|
| 041 |
0 |
|
|a slo
|
| 044 |
|
|
|a xo
|c SK
|
| 100 |
1 |
|
|a Danko, Peter
|4 aut
|9 421654
|
| 245 |
1 |
0 |
|a Racionalizácia spotreby tepla využitím regulácie
|c Peter Danko
|
| 773 |
0 |
|
|t Obnova školských stavieb a jej financovanie
|d Bratislava : Elentprint, 2004
|g S. 35-40
|z 8096912615
|
| 958 |
|
|
|a OND
|
| 958 |
|
|
|a article12
|
| 958 |
|
|
|a chapter
|
| 999 |
|
|
|c 1286678
|d 1288608
|